Introducción al Pensamiento de Teilhard de Chardin
Enregistré dans:
| Auteur principal: | |
|---|---|
| Format: | Livre |
| Langue: | Undetermined |
| Publié: |
Madrid, España
Taurus Ediciones
1960
|
| Édition: | 2 |
| Sujets: | |
| Tags: |
Ajouter un tag
Pas de tags, Soyez le premier à ajouter un tag!
|
MARC
| LEADER | 00000nam a2200000Ia 4500 | ||
|---|---|---|---|
| 008 | 170316s9999 xx 000 0 und d | ||
| 090 | |a 100 T-14i | ||
| 100 | |a Tresmontant, Claude | ||
| 245 | |a Introducción al Pensamiento de Teilhard de Chardin | ||
| 250 | |a 2 | ||
| 260 | |a Madrid, España | ||
| 260 | |b Taurus Ediciones | ||
| 260 | |c 1960 | ||
| 300 | |a 96 páginas | ||
| 650 | |a FILOSOFÍA MEDIEVAL | ||
| 999 | |c 17741 |d 17741 | ||
| 040 | |a cru BVZT | ||
| 942 | |c 15 D |h 100 T-14i |2 z | ||
